Catàleg del Col·legi de Periodistes de Catalunya

Aquí, però no del tot / (Registre núm. 8038)

000 -CABECERA
Longitud fija campo de control 00995cam a2200289 i 4500
001 - NÚMERO DE CONTROL
Número de control 991061374175406706
003 - IDENTIFICADOR DEL NÚMERO DE CONTROL
Identificador del número de control OSt
005 - FECHA Y HORA DE LA ÚLTIMA TRANSACCIÓN
Fecha y hora de la última transacción 20250930135955.0
008 - CÓDIGOS DE INFORMACIÓN DE LONGITUD FIJA
Códigos de información de longitud fija 250616e202503 spc|||| | 000 0ccat c
020 ## - NÚMERO INTERNACIONAL NORMALIZADO PARA LIBROS
Número Internacional Normalizado para Libros (ISBN) 9788419571533
040 ## - FUENTE DE LA CATALOGACIÓN
Centro transcriptor CDMR
100 1# - PUNTO DE ACCESO PRINCIPAL-NOMBRE DE PERSONA
Nombre de persona Ross, Lillian,
Fechas asociadas al nombre 1918-2017,
Término indicativo de función autor
245 10 - MENCIÓN DE TÍTULO
Título Aquí, però no del tot /
Mención de responsabilidad, etc. Lillian Ross ; traducció d'Octavi Gil Pujol
250 ## - MENCIÓN DE EDICIÓN
Mención de edición Primera edició
264 #1 - PRODUCCIÓN, PUBLICACIÓN , DISTRIBUCIÓN, FABRICACIÓN Y COPYRIGHT
Lugar de producción, publicación, distribución, fabricación Barcelona :
Nombre del productor, editor, distribuidor, fabricante Saldonar,
Fecha de de producción, publicación, distribución, fabricación o copyright març del 2025
300 ## - DESCRIPCIÓN FÍSICA
Extensión 265 pàgines :
Otras características físicas il·lustracions ;
Dimensiones 21 cm
490 1# - MENCIÓN DE SERIE
Mención de serie Contrastos ;
Designación de volumen o secuencia 8
500 ## - NOTA GENERAL
Nota general Títol original: Here but not here
600 17 - PUNTO DE ACCESO ADICIONAL DE MATERIA - NOMBRE DE PERSONA
Nombre de persona Ross, Lillian,
Fechas asociadas al nombre 1918-2017
600 17 - PUNTO DE ACCESO ADICIONAL DE MATERIA - NOMBRE DE PERSONA
Nombre de persona Shawn, William
630 07 - PUNTO DE ACCESO ADICIONAL DE MATERIA - TÍTULO UNIFORME
Título uniforme New Yorker (Nova York, Nova York : 1925)
650 #7 - PUNTO DE ACCESO ADICIONAL DE MATERIA - TÉRMINO DE MATERIA
Término de materia o nombre geográfico como elemento inicial Dones periodistes
Subdivisión geográfica Estats Units d'Amèrica
Subdivisión de forma Biografia.
650 #7 - PUNTO DE ACCESO ADICIONAL DE MATERIA - TÉRMINO DE MATERIA
Término de materia o nombre geográfico como elemento inicial Editors de revistes
Subdivisión geográfica Estats Units d'Amèrica
Subdivisión de forma Biografia.
700 1# - PUNTO DE ACCESO ADICIONAL - NOMBRE DE PERSONA
Nombre de persona Gil Pujol, Octavi,
Término indicativo de función traductor
830 #0 - PUNTO DE ACCESO ADICIONAL DE SERIE - TÍTULO UNIFORME
Título uniforme Contrastos (Edicions Saldonar) ;
Designación de volumen o secuencia 8
942 ## - ENTRADA DE ELEMENTOS AGREGADOS (KOHA)
Fuente de clasificaión o esquema
Koha [por defecto] tipo de item Monografies
Fons
Suprimido Perdido Estropeado No para préstamo Localización permanente Localización actual Fecha adquisición Fuente de adquisición Coste, precio normal de compra Signatura completa Código de barras Fecha última consulta Fecha del precio de reemplazo Tipo de item de Koha
        Centre de Documentació Montserrat Roig Centre de Documentació Montserrat Roig 2025-09-30 Donació 22.00 Bk/112 CDMR25090005 2025-09-30 2025-09-30 Monografies

Implantat amb Koha